New York Times Book Review Books of 2009 Quiz Stats

Quiz not verified by Sporcle

Challenge
Share
Tweet
Embed
Score 0/100 Timer 12:00
0 Plays Today
Book % Correct
Chronic City
54.2%
Lit: A Memoir
54.2%
Open: An Autobiography
54.2%
Wolf Hall
50%
Half Broke Horses: A True-Life Novel
45.8%
The Case for God
41.7%
Zeitoun
41.7%
Do Not Deny Me: Stories
37.5%
Family Album
37.5%
The Lacuna
33.3%
Columbine
29.2%
American Rust
25%
The Confessions of Edward Day
25%
The Casebook of Victor Frankenstein
20.8%
Don’t Cry: Stories
20.8%
Dancing in the Dark: A Cultural History of the Great Depression
20.8%
A Short History of Women
16.7%
The Evolution of God
16.7%
When Everything Changed: The Amazing Journey of American Women From 1960 to the Present
16.7%
The Year of the Flood
12.5%
Ayn Rand and the World She Made
12.5%
The Weight of a Mustard Seed: The Intimate Story of an Iraqi General and His Family During Thirty Years of Tyranny
12.5%
Amateur Barbarians
8.3%
The Little Stranger
8.3%
Nocturnes: Five Stories of Music and Nightfall
8.3%
Once the Shore: Stories
8.3%
Cheever: A Life
8.3%
Losing Mum and Pup: A Memoir
8.3%
Methland: The Death and Life of an American Small Town
8.3%
Raymond Carver: A Writer’s Life
8.3%
Every Man Dies Alone
4.2%
A Gate at the Stairs
4.2%
Lark and Termite
4.2%
Let the Great World Spin
4.2%
Book % Correct
Love and Obstacles: Stories
4.2%
The Museum of Innocence
4.2%
One D.O.A., One on the Way
4.2%
Too Much Happiness
4.2%
Born Round: The Secret History of a Full-Time Eater
4.2%
Closing Time: A Memoir
4.2%
Dorothea Lange: A Life Beyond Limits
4.2%
Fordlandia: The Rise and Fall of Henry Ford’s Forgotten Jungle City
4.2%
Lords of Finance: The Bankers Who Broke the World
4.2%
The Lost City Of Z: A Tale of Deadly Obsession in the Amazon
4.2%
Securing the City: Inside America’s Best Counterterror Force — the NYPD
4.2%
The Anthologist
0%
The Art Student’s War
0%
Asterios Polyp
0%
Await Your Reply
0%
Both Ways Is the Only Way I Want It
0%
Dearest Creature
0%
Everything Ravaged, Everything Burned
0%
Follow Me
0%
Generosity: An Enhancement
0%
How it Ended: New and Collected Stories
0%
In Other Rooms, Other Wonders
0%
Invisible
0%
Jeff in Venice, Death in Varanasi
0%
Love and Summer
0%
My Father’s Tears: And Other Stories
0%
Nothing Right: Short Stories
0%
Sag Harbor
0%
The Sky Below
0%
The Song Is You
0%
Typhoon
0%
A Village Life
0%
The Age of Entanglement: When Quantum Physics Was Reborn
0%
The Age of Wonder: How the Romantic Generation Discovered the Beauty and Terror of Science
0%
Book % Correct
City Boy: My Life in New York During the 1960s and ’70s
0%
Cold: Adventures in the World’s Frozen Places
0%
A Country of Vast Designs: James K. Polk, the Mexican War, and the Conquest of the American Continent
0%
Cowboys Full: The Story of Poker
0%
Empire of Liberty: A History of the Early Republic, 1789-1815
0%
A Fiery Peace in a Cold War: Bernard Schriever and the Ultimate Weapon
0%
The Fires of Vesuvius: Pompeii Lost and Found
0%
The First Tycoon: The Epic Life of Cornelius Vanderbilt
0%
Flannery: A Life of Flannery O’Connor
0%
The Good Soldiers
0%
The Ground Truth: The Untold Story of America Under Attack on 9
0%
Hiding Man: A Biography of Donald Barthelme
0%
Horse Soldiers: The Extraordinary Story of a Band of U.S. Soldiers Who Rode to Victory in Afghanistan
0%
In Fed We Trust: Ben Bernanke’s War on the Great Panic
0%
The Invention of Air: A Story of Science, Faith, Revolution, and the Birth of America
0%
The Last Empress: Madame Chiang Kai-shek and the Birth of Modern China
0%
The Lost Child: A Mother’s Story
0%
Lost in the Meritocracy: The Undereducation of an Overachiever
0%
Louis D. Brandeis: A Life
0%
The Mercy Papers: A Memoir of Three Weeks
0%
My Paper Chase: True Stories of Vanished Times
0%
The Myth of the Rational Market: A History of Risk, Reward, and Delusion on Wall Street
0%
A Paradise Built in Hell: The Extraordinary Communities That Arise in Disaster
0%
Satchel: The Life and Times of an American Legend
0%
Shop Class as Soulcraft: An Inquiry Into the Value of Work
0%
The Strangest Man: The Hidden Life of Paul Dirac, Mystic of the Atom
0%
Thelonious Monk: The Life and Times of an American Original
0%
The Third Reich at War
0%
Why This World: A Biography of Clarice Lispector
0%
The Wilderness Warrior: Theodore Roosevelt and the Crusade for America
0%
Worse Than War: Genocide, Eliminationism, and the Ongoing Assault on Humanity
0%
Yours Ever: People and Their Letters
0%

You're not logged in!

Compare scores with friends on all Sporcle quizzes.
Join for Free
OR
Log In

You Might Also Like...

Show Comments

Extras

Top Quizzes Today


Score Distribution

Your Account Isn't Verified!

In order to create a playlist on Sporcle, you need to verify the email address you used during registration. Go to your Sporcle Settings to finish the process.

Report this User

Report this user for behavior that violates our Community Guidelines.

Details: